000 00606nam a22002177a 4500
003 UA-OsUOA
001 88990
007 ta
008 20121023b un ||||| |||| 00| 0 ukr d
100 _aЦиганок О.
090 _a82
_bЦ58
942 _cSA
040 _aUA-OsUOA
_bukr
_cUA-OsUOA
_dUA-OsUOA
245 _aЕпітафії Середньовіччя в українських поетиках ХVІІ - ХVІІІ ст.
300 _aС.63-68
955 _a0
041 _aukr
080 _a82
773 0 _w88986
650 7 _a82 Література. Літературознавство
_2UDC
999 _c375280
_d375280